00416nam a2200133 a 450000100100000000500170001000800410002704000250006808200140009311000410010724500460014826000660019430000220026000003158420200930063031.0110627s2002 dr 000 0 spa d aDO-SdBNPbspacBNPHU axxxxbU582 aUniversidad Católica Santo Domingo10aVigésimo quinta graduación ordinaria. aSanto Domingo :bUniversidad Católica Santo Domingo,c2002. a[46 p.] ;c21 cm.